Organizing for data processing (Record no. 30302)

MARC details
000 -LEADER
fixed length control field 00319nam a2200121Ia 4500
082 ## - DEWEY DECIMAL CLASSIFICATION NUMBER
Classification number 681.3.01
Item number REI
100 ## - MAIN ENTRY--AUTHOR NAME
Personal name Reichenbach, Robert R
245 #0 - TITLE STATEMENT
Title Organizing for data processing
260 ## - PUBLICATION, DISTRIBUTION, ETC. (IMPRINT)
Place of publication Bombay
Name of publisher Taraporevala
Year of publication 1977
700 ## - ADDED ENTRY--PERSONAL NAME
Personal name Tasso, Charles A
942 ## - ADDED ENTRY ELEMENTS (KOHA)
Koha item type Books
Holdings
Withdrawn status Lost status Damaged status Not for loan Home library Current library Date acquired Cost, normal purchase price Full call number Accession Number Koha item type
        RRII Library RRII Library 16/12/2021 49.00 681.3.01 REI 10876 Books